| 000 | 00483nam a2200157Ia 4500 | ||
|---|---|---|---|
| 008 | 210716s2020 xx 000 0 und d | ||
| 020 | _a9789388818551 | ||
| 041 | _aeng | ||
| 082 | _a004.0285 RAMB | ||
| 100 | _aRam, B;Kumar, Sanjay. | ||
| 245 |
_aComputer fundamentals: architecture and organization. _bArchitecture and organization. |
||
| 250 | _a6 | ||
| 260 |
_aNew Delhi _bNew Age International Pvt Ltd _c2020 |
||
| 300 | _axiv, 11.12, I. 13 | ||
| 650 | _aComputer Fundamentals | ||
| 999 |
_c197401 _d197401 |
||